La defensa penal pública
Guardat en:
| Autor principal: | |
|---|---|
| Format: | Llibre |
| Idioma: | espanyol |
| Publicat: |
Santiago
LexisNexis
2002
|
| Matèries: | |
| Etiquetes: |
Afegir etiqueta
Sense etiquetes, Sigues el primer a etiquetar aquest registre!
|
MARC
| LEADER | 00000nam a2200000 a 4500 | ||
|---|---|---|---|
| 001 | UCM5994 | ||
| 003 | CL-VaPUC | ||
| 008 | 021025e20020900CL |||||||||||||||||spa|d | ||
| 082 | 0 | 4 | |a 345.05 |b CAR |2 21 |
| 100 | 0 | |a Carocca Pérez, Alex |e author |9 471965 | |
| 245 | 1 | 3 | |a La defensa penal pública |
| 300 | |a 275 p | ||
| 942 | |c BK | ||
| 945 | |d 20021025 00:00:00 |a vberengu | ||
| 260 | |a Santiago |b LexisNexis |c 2002 | ||
| 650 | 0 | |a Derecho procesal penal |9 256392 | |
| 650 | 0 | |a Procedimiento penal |9 254974 | |
| 650 | 0 | |a Reforma procesal |9 456464 | |
| 650 | 7 | |a DEFENSA PUBLICA |2 CL-VaPUC |9 471966 | |
| 583 | |a last modification |c 20021025 00:00:00 |k Rodrigo Vera | ||
| 999 | |c 301662 |d 301660 | ||
| 952 | |0 0 |1 0 |2 ddc |4 0 |6 345_050000000000000_CAR_2002 |7 0 |8 A |9 360951 |a BIBDER |b BIBDER |d 2019-11-21 |i 3855333 |o 345.05 CAR 2002 |p 3855333 |r 2019-11-21 |w 2019-11-21 |y BK |k DER | ||